000 00730nam a22002297a 4500
003 OSt
005 20150307091800.0
008 150307b xxu||||| |||| 00| 0 eng d
020 _a84-206-1644-3
040 _cBMC
082 _a823
100 1 _aDickens, Charles
_d1812-1870
_981
245 1 0 _aPapeles póstumos del Club Pickwick (3)
_cCharles Dickens ; [traductor, Manuel Ortega Gasset]
250 _a2ª ed
260 _aMadrid
_bAlianza
_c[1981]
300 _a311 p., 1 h.
_c18 cm
490 _aEl Libro de Bolsillo/Clásicos
_v644
595 _aTraducción de: Posthumous Papers of the Pickwick Club
650 2 4 _911162
_aNovela inglesa
700 1 _910
_aOrtega y Gasset, José
_d1883-1955
942 _2ddc
_cBK
_hahoj
999 _c19340
_d19340